Estadísticas para Top 10 Países Asiáticos por Línea Costera

Haz click aquí para tomar la prueba!

Estadísticas generales

  • Esta prueba ha sido tomada 3.262 veces
  • La puntuación promedio es 9 de 10

Estadísticas de respuestas

KilómetrosPaís% Correcto
14,500China
99%
29,751Japón
98%
7,000India
97%
54,716Indonesia
96%
27,000Rusia
88%
36,289Filipinas
87%
3,444Vietnam
87%
3,219Tailandia
85%
4,675Malasia
84%
6,840Turquía
48%

Distribución de puntuación

Porcentaje por número respondido

Porcentaje de gente con cada puntuación

Historial de tus puntuaciones

No has tomado esta prueba